Memoria anual /

Bibliographic Details
Previous Title:Instituto del Mar del Perú. Memoria
Uniform Title:Memoria anual (Instituto del Mar del Perú : 1998)
Corporate Author: Instituto del Mar del Perú
Format: Serial
Language:Spanish
Published: Callao, Perú : IMARPE, [1998-]
Subjects:

MARC

Tag First Indicator Second Indicator Subfields
LEADER 00000cas a2200000 a 4500
001 in00001854821
005 20151026100345.0
008 020118u1996uuuupe ar f0 0spa
010 |a  2002206322 
035 |a (OCoLC)ocm48816122 
040 |a DLC  |c DLC  |d TXA  |d UtOrBLW 
042 |a lc 
043 |a s-pe--- 
049 |a TXAM 
050 0 0 |a SH247  |b .P84a 
130 0 |a Memoria anual (Instituto del Mar del Perú : 1998) 
245 1 0 |a Memoria anual /  |c IMARPE, Instituto del Mar del Perú. 
246 1 7 |a Memoria  |f 1997-<1998> 
264 1 |a Callao, Perú :  |b IMARPE,  |c [1998-] 
264 4 |c ©1998- 
300 |a volumes :  |b illustrations (some color) ;  |c 28 cm. 
310 |a Annual 
336 |a text  |b txt  |2 rdacontent 
337 |a unmediated  |b n  |2 rdamedia 
338 |a volume  |b nc  |2 rdacarrier 
362 0 |a 1996- 
500 |a Title from cover. 
650 0 |a Fisheries  |x Research  |z Peru  |v Periodicals. 
650 0 |a Marine biology  |x Research  |z Peru  |v Periodicals. 
650 0 |a Oceanography  |x Research  |z Peru  |v Periodicals. 
610 2 0 |a Instituto del Mar del Perú  |v Periodicals. 
710 2 |a Instituto del Mar del Perú. 
780 0 0 |a Instituto del Mar del Perú.  |t Memoria  |w (OCoLC)37237445 
850 |a DLC 
936 |a 1998 LIC 
994 |a E0  |b TXA 
999 |a MARS 
999 f f |s 794c6627-143c-3057-b367-3daac111c45f  |i 47de0206-7ba9-3c0e-b7c0-60a6c99e9378  |t 0 
952 f f |p ric  |a Texas A&M University  |b Rellis Campus  |c Joint Library Facility  |d Remote Storage  |t 0  |e SH247 .P84a  |h Library of Congress classification  |i unmediated -- volume  |l 1996  |m A14831319811 
952 f f |p ric  |a Texas A&M University  |b Rellis Campus  |c Joint Library Facility  |d Remote Storage  |t 0  |e SH247 .P84a  |h Library of Congress classification  |i unmediated -- volume  |l 1998  |m A14831319895 
952 f f |p ric  |a Texas A&M University  |b Rellis Campus  |c Joint Library Facility  |d Remote Storage  |t 0  |e SH247 .P84a  |h Library of Congress classification  |i unmediated -- volume  |l 1997  |m A14831319853 
998 f f |a SH247 .P84a  |s 1996-1998  |t 0  |l Remote Storage